000 00644 a2200193 4500
020 _a0387313419
020 _a9780387313412
082 0 4 _a515.353
090 _c1428
_d1428
100 1 _aEngel, Klaus-Jochen.
245 1 2 _aA short course on operator semigroups /
_cKlaus-Jochen Engel, Rainer Nagel.
260 _a[S.l.] :
_bSpringer,
_c2006.
300 _a259 p. ;
_c24 cm.
490 1 _aUniversitext.
700 1 _aNagel, Rainer.
830 0 _aUniversitext.
942 _aSNS
_cBK
_k515.353 ENG
999 _c30039
_d30039